000 00293nam a2200121Ia 4500
008 190216s9999||||xx |||||||||||||| ||und||
100 _aRouse Ba Ll W W
245 0 _aMathematical Recreations& Essays
250 _a11TH ED
260 _bMagmillan &co Ltd
_c1963
300 _a418
942 _cBK
999 _c30399
_d30399